Amalgamation of Heterogeneous Data Sources Using Amalgamated Annotated HiLog

Podrobná bibliografia
Hlavní autori: Lovrenčić, Alen (Autor), Čubrilo, Mirko (Autor)
Médium: Článok
Jazyk:angličtina
ISBN:8088964253

MARC

LEADER 00000naa a2200000uu 4500
001 vtls010952776
003 SK-MaSNL
005 20260302123734.0
008 210906|1999 xo |||||||||||||||||eng|
015 |a SNBRA 
035 |a (urnnbn)urn:nbn:sk:snk:ar-a0bl35 
035 |a (uuid)7a6c0a1e-88a1-418c-b922-63ec050a7a6a 
035 |a urn:nbn:sk:snk-aaud3g 
040 |a SNKBUCL  |b slo  |c SNKBUCL  |e AACR2 
041 0 |a eng 
044 |a xo  |c SK 
100 1 |a Lovrenčić, Alen  |4 aut  |9 808908 
245 1 0 |a Amalgamation of Heterogeneous Data Sources Using Amalgamated Annotated HiLog  |c Alen Lovrenčić, Mirko Čubrilo 
700 1 |a Čubrilo, Mirko  |4 aut  |9 808909 
773 0 |t INES '99  |d Košice : Elfa, 1999, 1999  |g S. 285-290  |z 8088964253 
958 |a OND 
958 |a article11 
958 |a chapter 
999 |c 1284500  |d 1286430